000
00200nam a2200085Ia 4500
008
170620s9999 xx 000 0 und d
100
_a
GAUR- K D
245
4
_a
The Indian Penal Code
260
_b
Universal Law Pub.
260
_c
2013
999
_c
29710
_d
29710